Radiohead Songs as of 2020 - Statistics

General Stats
  • This quiz has been taken 69 times
  • The average score is 71 of 100
Answer Stats
Answers % Correct
Creep
100%
Paranoid Android
98%
Airbag
96%
The Tourist
96%
Exit Music (For a Film)
93%
Kid A
93%
Lucky
93%
Everything in Its Right Place
91%
Just
91%
Karma Police
91%
No Surprises
91%
Street Spirit (Fade Out)
91%
You
91%
Pyramid Song
89%
Weird Fishes/Arpeggi
89%
15 Step
87%
Fake Plastic Trees
87%
Fitter Happier
87%
High and Dry
87%
Idioteque
87%
Jigsaw Falling into Place
87%
Nude
87%
The Bends
87%
Videotape
87%
2 + 2 = 5
85%
All I Need
85%
Bodysnatchers
85%
Climbing Up the Walls
85%
How to Disappear Completely
85%
Let Down
85%
Morning Bell/Amnesiac
85%
Subterranean Homesick Alien
85%
Anyone Can Play Guitar
83%
Electioneering
83%
Morning Bell
83%
Optimistic
83%
Planet Telex
83%
The National Anthem
83%
House of Cards
80%
Motion Picture Soundtrack
80%
My Iron Lung
80%
Reckoner
80%
Bullet Proof...I Wish I Was
78%
Burn the Witch
78%
Decks Dark
78%
Faust Arp
78%
Lotus Flower
78%
You and Whose Army?
78%
Daydreaming
76%
Knives Out
76%
Life in a Glasshouse
76%
Packt Like Sardines in a Crushed Tin Box
76%
Treefingers
76%
True Love Waits
76%
Black Star
74%
In Limbo
74%
(Nice Dream)
74%
There, There
74%
A Wolf at the Door
72%
Bones
72%
Sulk
72%
Tinker Tailor Soldier Sailor Rich Man Poor Man Beggar Man Thief
72%
Hunting Bears
70%
I Might Be Wrong
70%
Codex
65%
Morning Mr. Magpie
65%
Desert Island Disk
63%
Identikit
63%
Present Tense
61%
Pulk/Pull Revolving Doors
61%
Like Spinning Plates
59%
How Do You?
57%
Sail to the Moon
57%
The Numbers
57%
Thinking About You
57%
Vegetable
57%
Bloom
54%
Blow Out
54%
Lurgee
54%
Dollars and Cents
52%
Stop Whispering
52%
Ful Stop
50%
A Punchup at a Wedding
48%
We Suck Young Blood
48%
Glass Eyes
46%
I Will
46%
Myxomatosis
46%
Feral
43%
Give Up the Ghost
43%
I Can't
41%
Ripcord
41%
Sit Down. Stand Up
41%
The Gloaming
39%
Go to Sleep
37%
Scatterbrain
37%
Separator
37%
Backdrifts
35%
Where I End and You Begin
35%
Little By Little
30%
Prove Yourself
30%
No matching quizzes found
Score Distribution
Percent of People with Each Score
Percentile by Number Answered
Your Score History
You have not taken this quiz